000 00913cam a2200277 i 4500
001 4093
003 Mx-PuUPA
005 20260312124704.0
008 140415s2004 mx a gr 000 0 spa d
020 _a9706590765
040 _cMx-PuUPA
_aMx-PuUPA
_bspa
_dMx-PuUPA
_erda
041 0 _aspa
100 1 _aYepes, María,
_917900
_eautor
245 1 0 _aVivir con María :
_baurora de los tiempos nuevos /
_cMaría Yepes
250 _aPrimera edición
264 1 _aMéxico, D.F. :
_bEditorial Basilio Núñez,
_c2004
300 _a83 páginas :
_bilustraciones (en blanco y negro) ;
_c21 cm
336 _2rdacontent
_atexto
_btxt
337 _2rdamedia
_asin medio
_bn
338 _2rdacarrier
_avolumen
_bnc
600 0 4 _aVirgen María
_xEnseñanza bíblica
600 0 4 _aVirgen María
_xOraciones y devociones
942 _2ddc
_cLI
_h232.91
_iY48
999 _c4093
_d4093